Μη κρύβεσαι ... θα σε βρω : ποιήση για παιδιά
Saved in:
| Main Author: | |
|---|---|
| Other Authors: | |
| Format: | Book |
| Language: | Greek |
| Published: |
Ιωάννινα :
Νομαρχιακή Αυτοδιοίηκηση Ιωάννινων,
2000
|
| Subjects: | |
| Tags: |
Add Tag
No Tags, Be the first to tag this record!
|
MARC
| LEADER | 00000nam a2200000 i 4500 | ||
|---|---|---|---|
| 001 | 1/14883 | ||
| 008 | 001214s2000 gre d | ||
| 035 | |l 10065172 | ||
| 040 | |a GR-MY-UA |b gre |e aacr | ||
| 041 | 0 | |a gre | |
| 082 | 0 | |a 889.1 | |
| 100 | 1 | |a Παρθενίου, Γιώτα. | |
| 245 | 1 | 0 | |a Μη κρύβεσαι ... θα σε βρω : |b ποιήση για παιδιά / |c Γιώτα Παρθενίου ; εικονόγραφηση Τάκης Στεφάνου |
| 260 | |a Ιωάννινα : |b Νομαρχιακή Αυτοδιοίηκηση Ιωάννινων, |c 2000 | ||
| 300 | |a 60 σ. |b εικ. | ||
| 650 | 0 | 0 | |a Children's poetry, Greek (Modern) |
| 700 | 1 | |a Στεφάνου, Τάκης. |4 ill | |
| 852 | |a INST |b LESVOS |e 20001214 |h 889.1 ΠΑΡ |p 005100027314 |q 005100027314 |t BK |y 0 | ||
| 901 | |a BIBL1-2000-3 | ||
| 909 | |a Λ |b 084054 | ||
| 920 | |a ΝΟΜΑΡΧΙΑΚΗ ΑΥΤΟΔΙΟΙΚΗΣΗ ΙΩΑΝΝΙΝΩΝ |z 2000-12 | ||
| 970 | |a ΚΑΜΑΤΣΟΥ |b ΔΕΣΠΟΙΝΑ |z 2000/12/14 | ||